00509nam a2200145Ia 4500008004100000041000800041082001500049100001500064245002500079260003300104300001900137520003600156999001700192952015400209240719s9999 xx 000 0 und d aeng a530.11 ALB a Albo Greg aANew Global Geometry aNew DehlibAakar Booksc2024 a350;. P. 24 Cm aFaculty Purchase by Dr. Shyam S c41494d41494 00104070aIMTNbIMTNcRack 19-Ad2024-10-06eD C g795.00l1n32767o530.11 ALBp33543q2024-10-20r2024-07-21 00:00:00s2024-07-21w2022-05-16yBK